| 000 | 01381nam a22003494a 4500 | ||
|---|---|---|---|
| 001 | vtls003196834 | ||
| 003 | MY-SjTCS | ||
| 005 | 20200306170217.0 | ||
| 006 | m u | ||
| 007 | cr cn||||||||| | ||
| 008 | 100712s2006 enk sb 001 0 eng | ||
| 010 | _z 2004-063611 | ||
| 020 | _z9780195182712 | ||
| 020 | _z0195182715 (alk. paper) | ||
| 035 | _a(CaPaEBR)ebr10233715 | ||
| 039 | 9 |
_y201007121709 _zVLOAD |
|
| 040 |
_aCaPaEBR _cCaPaEBR |
||
| 050 | 1 | 4 |
_aBD181.3 _b.H67 2006eb |
| 082 | 0 | 4 |
_a121/.3 _222 |
| 100 | 1 |
_aHorowitz, Tamara. _9281169 |
|
| 245 | 1 | 4 |
_aThe epistemology of a priori knowledge _h[electronic resource] / _cTamara Horowitz ; edited by Joseph L. Camp, Jr. |
| 260 |
_aOxford ; _aNew York : _bOxford University Press, _c2006. |
||
| 300 |
_a195 p. ; _c25 cm. |
||
| 504 | _aIncludes bibliographical references and index. | ||
| 529 | _aTSLHHL | ||
| 533 |
_aElectronic reproduction. _bPalo Alto, Calif. : _cebrary, _d2009. _nAvailable via World Wide Web. _nAccess may be limited to ebrary affiliated libraries. |
||
| 650 | 0 |
_aA priori. _944142 |
|
| 655 | 7 |
_aElectronic books. _2local _9201578 |
|
| 700 | 1 |
_aCamp, Joseph L. _9281170 |
|
| 710 | 2 |
_aebrary, Inc. _925628 |
|
| 856 | 4 | 0 |
_uhttps://ezproxy.taylors.edu.my/login?url=http://site.ebrary.com/lib/taylorscollege/Doc?id=10233715 _zAn electronic book accessible through the World Wide Web; click to view |
| 999 | _c60822 | ||